000 00316nam a22001337a 4500
008 171019b xxu||||| |||| 00| 0 eng d
020 _a9780931961632
041 _aeng
080 _a338
100 _a53
101 _aMEN
245 _aSYSTEMATIC PROBLEM-SOLVING AND DESICISION-MAKING
_cPOKRAS,S
942 _2udc
_cBK
999 _c34953
_d34953